New Trends in the Recruitment of Employees in Czech ICT Organisations
Spôsoby náboru a výberu zamestnancov v roku 2009 v českých organizáciach a vyhodnotenie rozdielov pri využívaní v nábore zamestnancov vo veľkých organizáciach so zameraním na IKT (informačné a komunikačné technológie) v porovnaní s inými organizáciami pôsobiacimi v terciárnom sektore hospodárstva.
Saved in:
| Main Author: | |
|---|---|
| Other Authors: | , |
| Format: | Book Chapter |
| Language: | English |
| Subjects: | |
| Tags: |
No Tags, Be the first to tag this record!
|
MARC
| LEADER | 00000naa a2200000 4500 | ||
|---|---|---|---|
| 001 | 0249750 | ||
| 005 | 20190109105037.8 | ||
| 041 | 0 | |a eng | |
| 044 | |a CZ | ||
| 245 | 1 | 0 | |a New Trends in the Recruitment of Employees in Czech ICT Organisations |c Adéla Fajčíková, Hana Urbancová, Martina Fejfarová |
| 520 | |a Spôsoby náboru a výberu zamestnancov v roku 2009 v českých organizáciach a vyhodnotenie rozdielov pri využívaní v nábore zamestnancov vo veľkých organizáciach so zameraním na IKT (informačné a komunikačné technológie) v porovnaní s inými organizáciami pôsobiacimi v terciárnom sektore hospodárstva. | ||
| 610 | 2 | 0 | |a nábor pracovníkov |
| 610 | 2 | 0 | |a korporácie |
| 610 | 2 | 0 | |a podnik veľký |
| 610 | 2 | 0 | |a technológie informačné |
| 610 | 2 | 0 | |a technológie komunikačné |
| 610 | 2 | 0 | |a podnik stredný |
| 610 | 2 | 0 | |a podnik malý |
| 610 | 2 | 0 | |a sektor terciárny |
| 610 | 2 | 0 | |a analýza komparatívna |
| 610 | 2 | 0 | |a Česko |
| 100 | 1 | |a Fajčíková, Adéla | |
| 700 | 1 | |a Urbancová, Hana | |
| 700 | 1 | |a Fejfarová, Martina | |